Русские электротехники: рекомендательный указатель литературы
| Hovedforfatter: | |
|---|---|
| Institution som forfatter: | |
| Sprog: | russisk |
| Udgivet: |
Москва, 1951
|
| Fag: |
Ломоносов
> Михаил Васильевич
> М. В.
> ученый-естествоиспытатель, поэт, историк, художник, деятель просвещения, науки и экономики
> 1711-1765
Шиллинг
> Павел Львович
> П. Л.
> российский изобретатель
> востоковед
> член-корреспондент Петербургской АН
> 1786-1837
Якоби
> Борис Семенович
> Б. С.
> российский физик
> электротехник
> настоящее имя Мориц Герман
> академик Петербургской АН
> 1801-1874
Ленц
> Э. Х.
> 1804-1865
> Эмилий Христианович
> российский физик
> электротехник
> академик Петербургской АН
|
| Format: | MixedMaterials Bog |
| KOHA link: | https://koha.lib.tpu.ru/cgi-bin/koha/opac-detail.pl?biblionumber=157974 |
MARC
| LEADER | 00000nam0a2200000 4500 | ||
|---|---|---|---|
| 001 | 157974 | ||
| 005 | 20231101222013.0 | ||
| 035 | |a (RuTPU)RU\TPU\book\171353 | ||
| 090 | |a 157974 | ||
| 100 | |a 20090416d1951 m y0rusy50 ca | ||
| 101 | 0 | |a rus | |
| 102 | |a RU | ||
| 105 | |a c a 001zy | ||
| 200 | 1 | |a Русские электротехники |e рекомендательный указатель литературы |f Л. Д. Белькинд |g Центральная политехническая библиотека | |
| 210 | |a Москва |d 1951 | ||
| 215 | |a 132 с. |c портр. | ||
| 600 | 1 | |a Ломоносов |g Михаил Васильевич |b М. В. |c ученый-естествоиспытатель, поэт, историк, художник, деятель просвещения, науки и экономики |f 1711-1765 |2 stltpush |3 (RuTPU)RU\TPU\pers\975 | |
| 600 | 1 | |a Петров |g Василий Владимирович |b В. В. |c российский физик |c академик Петербургской АН |f 1761-1834 |2 stltpush |3 (RuTPU)RU\TPU\pers\1350 | |
| 600 | 1 | |a Шиллинг |g Павел Львович |b П. Л. |c российский изобретатель |c востоковед |c член-корреспондент Петербургской АН |f 1786-1837 |2 stltpush |3 (RuTPU)RU\TPU\pers\902 | |
| 600 | 1 | |a Якоби |g Борис Семенович |b Б. С. |c российский физик |c электротехник |c настоящее имя Мориц Герман |c академик Петербургской АН |f 1801-1874 |2 stltpush |3 (RuTPU)RU\TPU\pers\1353 | |
| 600 | 1 | |a Ленц |b Э. Х. |f 1804-1865 |g Эмилий Христианович |c российский физик |c электротехник |c академик Петербургской АН |2 stltpush |3 (RuTPU)RU\TPU\pers\4087 | |
| 600 | 1 | |a Ленц |b Э. Х. |f 1804-1865 |g Эмилий Христианович |c российский физик |c электротехник |c академик Петербургской АН |2 stltpush |3 (RuTPU)RU\TPU\pers\4087 | |
| 600 | 1 | |a Петрушевский |b Ф. Ф. |c русский физик |f 1785-1848 |g Федор Фомич |2 stltpush |3 (RuTPU)RU\TPU\pers\8423 |9 1640 | |
| 600 | 1 | |a Столетов |g Александр Григорьевич |b А. Г. |c российский физик |f 1839-1896 |2 stltpush |3 (RuTPU)RU\TPU\pers\980 | |
| 600 | 1 | |a Бенардос |b Н. Н. |c российский изобретатель |f 1842-1905 |g Николай Николаевич |2 stltpush |3 (RuTPU)RU\TPU\pers\13137 |9 3821 | |
| 600 | 1 | |a Чиколев |b В. Н. |f 1845-1898 |g Владимир Николаевич |c российский электротехник |2 stltpush |3 (RuTPU)RU\TPU\pers\4094 | |
| 600 | 1 | |a Яблочков |b П. Н. |f 1847-1894 |g Павел Николаевич |c российский электротехник |2 stltpush |3 (RuTPU)RU\TPU\pers\4091 | |
| 600 | 1 | |a Лодыгин |g Александр Николаевич |b А. Н. |c российский электротехник |f 1847-1923 |2 stltpush |3 (RuTPU)RU\TPU\pers\1308 | |
| 600 | 1 | |a Славянов |b Н. Г. |c российский изобретатель |f 1854-1897 |g Николай Гаврилович |2 stltpush |3 (RuTPU)RU\TPU\pers\13138 |9 3822 | |
| 600 | 1 | |a Попов |b А. С. |c сибирский горнопромышленник |c старший сын С. И. Попова |g Александр Степанович |2 stltpush |3 (RuTPU)RU\TPU\pers\23221 |9 10027 | |
| 600 | 1 | |a Доливо-Добровольский |b М. О. |f 1861/1862-1919 |g Михаил Осипович |c российский электротехник |2 stltpush |3 (RuTPU)RU\TPU\pers\4090 | |
| 600 | 1 | |a Классон |b Р. Э. |c советский электротехник |f 1868-1926 |g Роберт Эдуардович |2 stltpush |3 (RuTPU)RU\TPU\pers\23600 |9 10297 | |
| 600 | 1 | |a Чернышев |b А. А. |c российский электротехник |c академик АН СССР (1932) |f 1882-1940 |g Александр Алексеевич |2 stltpush |3 (RuTPU)RU\TPU\pers\23753 |9 10434 | |
| 600 | 1 | |a Шенфер |b К. И. |c российский ученый-электротехник |f 1885-1946 |g Клавдий Ипполитович |2 stltpush |3 (RuTPU)RU\TPU\pers\15042 |9 5144 | |
| 610 | 1 | |a электротехника | |
| 610 | 1 | |a ученые | |
| 610 | 1 | |a биографии | |
| 610 | 1 | |a наука | |
| 610 | 1 | |a техника | |
| 610 | 1 | |a электроэнергетика | |
| 610 | 1 | |a русские электротехники | |
| 675 | |a 621.3 |v 3 | ||
| 700 | 1 | |a Белькинд |b Л. Д. | |
| 712 | 0 | 2 | |a Центральная политехническая библиотека |2 stltpush |3 (RuTPU)RU\TPU\col\11134 |9 24980 |
| 801 | 1 | |a RU |b 63413507 |c 20090416 |g PSBO | |
| 801 | 2 | |a RU |b 63413507 |c 20190208 |g PSBO | |
| 942 | |c BK | ||